000 00824cam a2200277 4500
001 J2708
008 090401t1994 xxu||||| |||| 00| 0 eng d
035 _a(Sirsi) u50706
041 _aeng
050 _a692.8
090 _aJCT 1994/17A
110 _aJoint Contracts Tribunal
_93664
245 _aStandard form of Building Contract 1980 edition ... Amendment TC/94 issued April 1994.
260 _aLondon
_bRIBA Publications Ltd
_c1994
300 _a8p. ; 30cm.
350 _a0.4
520 _aDeals with terrorism cover.
650 _aBUILT ENVIRONMENT-BUILDING CONTRACT FORMS
650 _aInsurance
_96249
650 _aJCT STANDARD FORM OF CONTRACT 1980
650 _aTERRORISM COVER
650 _aTERRORISM
690 _aBUILT ENVIRONMENT-BUILDING CONTRACT FORMS
942 _n0
948 _c04/03/1997
999 _c92740
_d92740